00376nam a22001337a 450000500170000000800410001704100130005808200120007110000130008324500400009626000550013630000250019165000260021620240705133937.0240705b |||||||| |||| 00| 0 eng d aEnglish  a349 PRE lEnglish  aPrentice Hall Weekly Legal Service  aDurban: bPrentice Hall Services (Pty) Ltd, c1939 b180 pages; c26 cm.  aLegal practice bLaw